000 00930nam a22002657a 4500
001 44613
003 BD-RjUL
005 20211209053906.0
008 160718s1964 bg ||||| |||| 00| 0 ben d
020 _c: TK 2.25
035 _a(BD-RjUL)44731
040 _aBD-RjUL
_bben
_cBD-RjUL
041 _aben
082 _223
_a297
_bGAA 1964
100 _aগাজ্জালী (রাঃ), ইমাম
_9136854
245 1 0 _aআল-মুরশিদুল আমীন /
_cইমাম গাজ্জালী (রাঃ)
250 _a১ম সং.
260 _aঢাকা :
_bমদীনা পাবলিকেশন্স,
_c১৯৬৪
300 _a খণ্ড ;
_c২১ সেমি.
505 0 _aখণ্ড ১ --
650 _aইসলাম
_9136855
650 _aIslam
_9136856
700 _aখান, মুহিউদ্দীন, অনুবাদ
_9135331
942 _2ddc
_cBK
999 _c44613
_d44613